| 000 | 00807nam a22002297a 4500 | ||
|---|---|---|---|
| 003 | 0 | ||
| 005 | 20250115154842.0 | ||
| 008 | 250115b xxu||||| |||| 00| 0 eng d | ||
| 020 | _a978-1-350-21141-4 | ||
| 050 |
_aN 7433.8 _b.F73 2023 |
||
| 100 | _aFrancis, Mary Anne | ||
| 245 |
_aMixed forms of visual culture _bfrom the cabinet of curiousities to digital diversity _cMary Anne Francis |
||
| 260 |
_aNew York _bBloomsbury Visual Art _c2023 |
||
| 300 |
_aix, 232 pages : _bcolored illustrations and pictures ; _c24cm. |
||
| 504 | _aIncludes bibliographical references and index. | ||
| 650 | _aVisual culture. | ||
| 650 | _aDigital media—Cultural aspects. | ||
| 650 | _aCabinets of curiosities—History. | ||
| 650 | _aMixed media (Art). | ||
| 650 | _aArt and technology. | ||
| 942 |
_2lcc _cBK |
||
| 999 |
_c366987 _d366987 |
||